El Fantasma del desarrollo en América Latina /
Guardado en:
| Hovedforfatter: | |
|---|---|
| Format: | Texto |
| Tags: |
Tilføj Tag
Ingen Tags, Vær først til at tagge denne postø!
|
MARC
| LEADER | 00000 a a2200000 04500 | ||
|---|---|---|---|
| 001 | 17233 | ||
| 003 | |||
| 040 | |||
| 100 | |a Quijano Obregón, Aníbal | ||
| 245 | |a El Fantasma del desarrollo en América Latina / |c Aníbal Quijano Obregón | ||
| 773 | |g volumen 6, número 2; páginas 73-90 | ||
| 999 | |c 33530 |d 33530 | ||
